|
|
|
|
| LEADER |
00000nab a2200000 a 4500 |
| 001 |
vtls008827857 |
| 003 |
SK-MaSNL |
| 005 |
20260304145757.0 |
| 008 |
250505 1976 xo 000 0 slo |
| 015 |
|
|
|a SNBRB1977
|
| 035 |
|
|
|a (uuid)3d2a1f51-4991-4ec5-82ae-ede3e77fc2a3
|
| 035 |
|
|
|a urn:nbn:sk:snk-ab2fc9
|
| 035 |
|
|
|a (urnnbn)urn:nbn:sk:snk:ar-a02cfs
|
| 040 |
|
|
|a SNKBUCL
|b slo
|c SNKBUCL
|e AACR2
|
| 041 |
0 |
|
|a slo
|b rus
|
| 044 |
|
|
|a xo
|c SK
|
| 080 |
|
|
|a 81'366:811.162.4
|2 2001
|
| 080 |
|
|
|a 811.162.4
|2 2001
|
| 100 |
1 |
|
|a Kučerová, Eleonóra,
|d 1928-1987
|4 aut
|9 37053
|
| 245 |
1 |
0 |
|a Slovesno-menné slovné spojenia so slovesným komponentom "delat"
|c Eleonóra Kučerová
|
| 504 |
|
|
|a Bibliogr. odkazy
|
| 546 |
|
|
|a Res. rus.
|
| 650 |
0 |
7 |
|a slovesno-menné spojenia
|x slovesný komponent delat
|2 snkbucl
|9 1469096
|
| 650 |
0 |
7 |
|a slovenčina
|2 snkbucl
|9 1350
|
| 773 |
0 |
|
|t Slavica Slovaca
|g Roč. 11, č. 3 (1976), s. 253-259
|
| 850 |
|
|
|a Slovenská národná knižnica
|
| 852 |
|
|
|a Slovenská národná knižnica
|
| 954 |
|
|
|a odborná, vedecká literatúra pôvodná (slovenská)
|2 lita
|
| 958 |
|
|
|a article27
|
| 958 |
|
|
|a NB
|
| 958 |
|
|
|a OND
|
| 958 |
|
|
|a EUIPO
|
| 999 |
|
|
|c 2936839
|d 2938769
|